Technológia laserového 3-D navárania práškových materiálov na báze Ni

Gespeichert in:
Bibliographische Detailangaben
1. Verfasser: Jaroš, Ján (Verfasst von)
Weitere Verfasser: Sejč, Pavol (Betreuung Doktorarbeit)
Format: Manuskript Buch
Sprache:Slowakisch
Veröffentlicht: 2017
Schlagworte:
Online-Zugang:http://is.stuba.sk/zp/portal_zp.pl?podrobnosti=127019
Tags: Tag hinzufügen
Keine Tags, Fügen Sie das erste Tag hinzu!

MARC

LEADER 00000ntm a22000003a 4500
001 stuzp60511
003 SK-STU
005 20170624210950.1
007 ta
008 150427s2015----xo-----f-mn---000-0-slo-d
040 |a STU  |b slo 
041 0 |a slo 
100 1 |a Jaroš, Ján  |u 020050  |4 aut  |U SjF Strojnícka fakulta  |T SjF Ústav technológií a materiálov  |X 55010  |U J0050  |Y 803  |7 55010 
242 0 1 |a Technology of 3-D Laser Cladding of powder materials based on Ni  |y eng 
245 1 0 |a Technológia laserového 3-D navárania práškových materiálov na báze Ni 
260 |c 2017 
650 4 |a 3-D laserové naváranie  |2 slo 
650 4 |a vláknový laser  |2 slo 
650 4 |a koaxiálna dýza  |2 slo 
650 4 |a niklové prášky  |2 slo 
650 4 |a aditívna výroba  |2 slo 
650 4 |a svetelná a elektrónová mikroskopia  |2 slo 
650 4 |a fibre laser  |2 eng 
650 4 |a additive manufacturing  |2 eng 
650 4 |a light and scanning electron microscopy  |2 eng 
650 4 |a 3-D Laser Cladding  |2 eng 
650 4 |a coaxial nozzle  |2 eng 
650 4 |a nickel powders  |2 eng 
700 1 |a Sejč, Pavol  |u 020050  |k Z1  |4 ths  |U SjF Strojnícka fakulta  |T SjF Ústav technológií a materiálov  |X 2300  |U J0050  |Y 803  |7 A000002300 
856 4 |u http://is.stuba.sk/zp/portal_zp.pl?podrobnosti=127019 
996 |b 284J045331  |c J* 2801/DDP  |l JJSK  |s A  |a 24  |w stuzp60511_0001